000 00878nam a2200277 i 4500
003 DO-SdBNP
005 20260513104053.0
007 ta
008 260513b2025 dr ||||| |||| 00| 0 spa d
020 _a9789945518771
040 _aDO-SdBNP
_bspa
_cBNPHU
_erda
041 _aspa
082 4 _axxx
_bM828s
_222
100 _aMorales, Heidy,
_eautor
_4aut
_989548
245 1 0 _aSuperada :
_bmi historia de fé, propósito y superación
_cHeidy Morales ; prólogo, Lissette Vásquez
250 _aprimera edición
264 4 _aSanto Domingo :
_beditor no identificado,
_c©2025.
300 _a263 páginas ;
_c23 cm.
336 _atexto
_btxt
_2rdacontent
337 _asin mediación
_bn
_2rdamedia
338 _avolumen
_bnc
_2rdacarrier
590 _aInventariado, 2026/BT
700 _aVásquez, Lissette,
_eprologuista
_4pr.
_989549
910 _aBtavárez
942 _2ddc
_cLBS1
999 _c60729
_d60729